| 000 | 00691nam a2200265 i 4500 | ||
|---|---|---|---|
| 005 | 20260322212019.0 | ||
| 008 | data | ||
| 010 | _a 77362115 | ||
| 015 | _aNe*** | ||
| 040 |
_aDLC _cDLC _dDLC |
||
| 043 | _asn----- | ||
| 050 | 0 | 0 |
_aQH111 _b.M668 |
| 082 | 0 | 0 | _a500.9/8 |
| 092 | _a500.9 M668 1975 | ||
| 245 | 0 | 4 |
_aThe Andes / _cedited by Tony Morrison & Time-Life Books. |
| 260 |
_aAmsterdam : _bTime-Life Books, _cc1975. |
||
| 300 |
_a184 p. : _bcol. ill. ; _c26 cm. |
||
| 490 | 0 | _aThe World's wild places | |
| 500 | _aIncludes index. | ||
| 504 | _aBibliography: p. 180. | ||
| 650 | 0 |
_aNatural history _zAndes. |
|
| 700 | 1 | _aMorrison, Tony. | |
| 710 | 2 | _aTime-Life Books. | |
| 001 | data | ||
| 999 |
_c424 _d424 |
||